That's Not What I Meant! How Conversational Style Makes or Breaks Relationships

Salvato in:
Dettagli Bibliografici
Autore principale: Tannen, Deborah
Natura: Libro
Lingua:inglese
Pubblicazione: New York Ballantine Books 1992
Edizione:1. ed., 8. print.
Soggetti:
Tags: Aggiungi Tag
Nessun Tag, puoi essere il primo ad aggiungerne!!

MARC

LEADER 00000nam a2200000 4500
001 c014265
005 20221206083629.7
020 |a 0-345-34090-6 
041 0 |a eng 
044 |a US 
245 1 0 |a That's Not What I Meant!  |b How Conversational Style Makes or Breaks Relationships  |c Deborah Tannen 
250 |a 1. ed., 8. print. 
264 1 |a New York  |b Ballantine Books  |c 1992 
300 |a 209 s. 
610 2 0 |a komunikácia 
610 2 0 |a vzťahy medziľudské 
610 2 0 |a správanie 
610 2 0 |a riadenie 
610 2 0 |a rozhovor 
100 1 |a Tannen, Deborah